[Event "Mislata op 57th"]
[Site "Mislata"]
[Date "2024.08.16"]
[Round "7"]
[White "Morejon Rodriguez, Eduardo"]
[Black "Gonzalvez Tamarit, Ruben"]
[Result "0-1"]
[WhiteElo "2021"]
[BlackElo "2125"]
[PlyCount "124"]
[EventDate "2024.08.12"]
[EventType "swiss"]
[EventRounds "9"]
[EventCountry "ESP"]
[SourceTitle "CBM 221 Extra"]
[Source "ChessBase"]
[SourceDate "2024.09.30"]
[SourceVersion "1"]
[SourceVersionDate "2024.09.30"]
[SourceQuality "1"]

1. d4 f5 2. Nc3 Nf6 3. Bg5 d5 4. Nf3 Nc6 5. Ne5 Nxe5 6. dxe5 Ne4 7. Nxe4 fxe4 8. e3 c6 9. Qd4 Qc7 10. Be2 Be6 11. 0-0 g6 12. c4 Bg7 13. Bf4 0-0 14. Rac1 Rad8 15. cxd5 Bxd5 16. Bc4 e6 17. a3 a6 18. Qc3 Rf5 19. Be2 Bxe5 20. Bxe5 Qxe5 21. Qxe5 Rxe5 22. Rfd1 h5 23. g4 hxg4 24. Bxg4 Rg5 25. h3 Rf8 26. Rd2 Kg7 27. Kh2 Bb3 28. Rc3 Rd5 29. Rxd5 Bxd5 30. Kg3 Kf6 31. Rc2 g5 32. Rd2 c5 33. Kg2 b5 34. Kf1 Ke5 35. Ke1 a5 36. Kd1 b4 37. Kc1 c4 38. Rc2 Rc8 39. Be2 bxa3 40. bxa3 c3 41. Bb5 Bb3 42. Re2 Rd8 43. Re1 c2 44. Be2 Ba4 45. Rg1 Rb8 46. Kd2 Rd8+ 47. Kc1 Kf6 48. Re1 Ke7 49. Rh1 Rd5 50. Re1 Kd6 51. Rh1 Kc5 52. Rg1 Rd1+ 53. Bxd1 cxd1Q+ 54. Rxd1 Bxd1 55. Kxd1 Kc4 56. a4 Kb3 57. Kd2 e5 58. Ke2 Kxa4 59. f4 exf3+ 60. Kxf3 Kb5 61. Kg4 a4 62. Kxg5 a3 0-1

[Event "Mislata op 57th"]
[Site "Mislata"]
[Date "2024.08.14"]
[Round "4"]
[White "Gonzalvez Tamarit, Ruben"]
[Black "Morato Tent, Francisco"]
[Result "1/2-1/2"]
[WhiteElo "2125"]
[BlackElo "2022"]
[PlyCount "40"]
[EventDate "2024.08.12"]
[EventType "swiss"]
[EventRounds "9"]
[EventCountry "ESP"]
[SourceTitle "CBM 221 Extra"]
[Source "ChessBase"]
[SourceDate "2024.09.30"]
[SourceVersion "1"]
[SourceVersionDate "2024.09.30"]
[SourceQuality "1"]

1. d4 Nf6 2. c4 g6 3. Nc3 Bg7 4. e4 d6 5. h3 h6 6. Be3 0-0 7. Qd2 Kh7 8. g4 Nfd7 9. f4 e6 10. 0-0-0 Nc6 11. g5 h5 12. f5 exf5 13. exf5 Re8 14. Nf3 Nb6 15. Nh4 d5 16. Qd3 Ne7 17. fxg6+ fxg6 18. cxd5 Nf5 19. Bf2 Nxd5 20. Nxd5 Qxd5 1/2-1/2

[Event "Mislata op 57th"]
[Site "Mislata"]
[Date "2024.08.13"]
[Round "3"]
[White "Silva Martinez Del Canizo, Sebastian"]
[Black "Gonzalvez Tamarit, Ruben"]
[Result "0-1"]
[WhiteElo "1951"]
[BlackElo "2125"]
[PlyCount "100"]
[EventDate "2024.08.12"]
[EventType "swiss"]
[EventRounds "9"]
[EventCountry "ESP"]
[SourceTitle "CBM 221 Extra"]
[Source "ChessBase"]
[SourceDate "2024.09.30"]
[SourceVersion "1"]
[SourceVersionDate "2024.09.30"]
[SourceQuality "1"]

1. e4 e5 2. Nf3 Nc6 3. Bb5 a6 4. Ba4 f5 5. d4 exd4 6. e5 b5 7. Bb3 Bb7 8. a4 Na5 9. Ba2 c5 10. 0-0 Qc7 11. axb5 axb5 12. Re1 Be7 13. c3 d3 14. Na3 Be4 15. Nxb5 Qb6 16. Nd6+ Bxd6 17. exd6 Nb3 18. Bxb3 Rxa1 19. Ne5 Rxc1 20. Bf7+ Kf8 21. Qxc1 Qxd6 22. Nc4 Qa6 23. Ne5 Nh6 24. Bc4 Qd6 25. Nxd3 Bxd3 26. Qe3 Be4 27. f3 Ke7 28. fxe4 f4 29. e5 fxe3 30. exd6+ Kxd6 31. Rxe3 Ra8 32. Re1 Ng4 33. b4 cxb4 34. cxb4 Ne5 35. Rd1+ Kc7 36. Bd5 Ra4 37. Rb1 Kb6 38. Kf1 Kb5 39. Ke2 Rxb4 40. Rxb4+ Kxb4 41. h3 Kc5 42. Bg8 h6 43. Ke3 d5 44. Kf4 Ng6+ 45. Ke3 Kd6 46. Bf7 Ne5 47. Bh5 Nc6 48. Bf3 Ke5 49. g3 Ne7 50. Bg4 Nf5+ 0-1

[Event "Montserrat op"]
[Site "Montserrat"]
[Date "2022.09.03"]
[Round "7"]
[White "Gonzalvez Tamarit, Ruben"]
[Black "Urios Hernandez, Ramon"]
[Result "1-0"]
[WhiteElo "2110"]
[BlackElo "1806"]
[PlyCount "97"]
[EventDate "2022.08.29"]
[EventType "swiss"]
[EventRounds "9"]
[EventCountry "ESP"]
[SourceTitle "CBM 210 Extra"]
[Source "ChessBase"]
[SourceDate "2022.11.30"]
[SourceVersion "1"]
[SourceVersionDate "2022.11.30"]
[SourceQuality "1"]

1. e4 e5 2. Nf3 Nc6 3. d4 exd4 4. Nxd4 Bc5 5. Nb3 Bb6 6. Nc3 Qf6 7. Qe2 Nge7 8. Be3 Bxe3 9. Qxe3 a6 10. 0-0-0 0-0 11. f3 d6 12. g4 Be6 13. g5 Qg6 14. h4 f6 15. f4 f5 16. h5 Qf7 17. g6 hxg6 18. hxg6 Nxg6 19. Qh3 Qf6 20. exf5 Qxf5 21. Qh7+ Kf7 22. Bd3 Rh8 23. Bxf5 Bxf5 24. Qxh8 Rxh8 25. Rxh8 Nxh8 26. Nd5 Ng6 27. Nxc7 Nxf4 28. Rf1 g5 29. Nd5 Ke6 30. Nxf4+ gxf4 31. Rxf4 Ke5 32. Rh4 b5 33. c3 a5 34. Nd4 Nxd4 35. Rxd4 d5 36. Rh4 a4 37. Kd2 Bb1 38. a3 Kd6 39. Rh8 Bf5 40. Rf8 Be6 41. Rf6 Ke5 42. Rh6 Bd7 43. Ke3 Be6 44. Rh8 Kd6 45. Kd4 Bg4 46. Rd8+ Kc6 47. Rxd5 Be6 48. Rh5 Bc4 49. Rc5+ 1-0

[Event "Mislata op rapid"]
[Site "Mislata"]
[Date "2022.08.16"]
[Round "2"]
[White "Gonzalvez Tamarit, Ruben"]
[Black "Jose Iraeta, Alexandre"]
[Result "1/2-1/2"]
[WhiteElo "2036"]
[BlackElo "1885"]
[PlyCount "132"]
[EventDate "2022.08.15"]
[EventType "swiss (rapid)"]
[EventRounds "8"]
[EventCountry "ESP"]
[SourceTitle "EXT 2024"]
[Source "ChessBase"]
[SourceDate "2023.10.10"]
[SourceVersion "1"]
[SourceVersionDate "2023.10.10"]
[SourceQuality "1"]

1. e4 c5 2. Nf3 Nf6 3. Nc3 d5 4. exd5 Nxd5 5. d4 e6 6. Bc4 Nb6 7. Bb5+ Bd7 8. dxc5 Bxc5 9. Bf4 0-0 10. 0-0 Bxb5 11. Nxb5 Nd5 12. Bg3 a6 13. Nbd4 Qb6 14. Nb3 Be7 15. c4 Nf6 16. c5 Qd8 17. Qe2 Nd5 18. Rfd1 Nc6 19. Nfd4 Rc8 20. Nxe6 fxe6 21. Qxe6+ Rf7 22. Rxd5 Qf8 23. Re1 Re8 24. Rf5 Nd8 25. Rxf7 Qxf7 26. Qxf7+ Kxf7 27. f3 Bf6 28. Rd1 Bxb2 29. Rd7+ Ke6 30. Rd2 Bf6 31. Na5 Bc3 32. Rd6+ Kf7 33. Nc4 Nc6 34. Rd7+ Re7 35. Nd6+ Ke6 36. Rxe7+ Nxe7 37. Nxb7 Bd4+ 38. Bf2 Bxf2+ 39. Kxf2 Kd5 40. Nd8 Kxc5 41. Ne6+ Kb4 42. Nxg7 Ka3 43. f4 Kxa2 44. g4 a5 45. Ne6 a4 46. f5 Kb2 47. Nf4 Nc6 48. Nd3+ Kc2 49. f6 Nd8 50. Ke3 a3 51. h4 Kc3 52. Nc1 Kc2 53. Na2 Kb3 54. Kd2 Kxa2 55. Kc2 Ka1 56. g5 Nf7 57. Kb3 Kb1 58. Kxa3 Kc2 59. Kb4 Kd3 60. Kc5 Ke4 61. Kc6 Kf5 62. Kd7 Kg4 63. Ke7 Nh8 64. Kf8 Kxh4 65. Kg7 Kxg5 66. Kxh8 Kxf6 1/2-1/2

[Event "La Roda op 47th"]
[Site "La Roda"]
[Date "2021.12.04"]
[Round "2"]
[White "Martinez Duany, Lelys Stanley"]
[Black "Gonzalvez Tamarit, Ruben"]
[Result "1/2-1/2"]
[WhiteElo "2520"]
[BlackElo "2073"]
[PlyCount "194"]
[EventDate "2021.12.04"]
[EventType "swiss"]
[EventRounds "9"]
[EventCountry "ESP"]
[SourceTitle "CBM 205 Extra"]
[Source "ChessBase"]
[SourceDate "2022.01.31"]
[SourceVersion "1"]
[SourceVersionDate "2022.01.31"]
[SourceQuality "1"]

1. e4 e5 2. Nf3 Nc6 3. Bb5 a6 4. Ba4 Nf6 5. 0-0 Bc5 6. c3 b5 7. Bb3 d6 8. d4 Bb6 9. Be3 Rb8 10. Nbd2 0-0 11. h3 Qe7 12. Re1 Bd7 13. a3 h6 14. Bc2 Na5 15. b4 Nb7 16. a4 bxa4 17. Bxa4 Bxa4 18. Qxa4 a5 19. bxa5 Nxa5 20. Qc2 Nd7 21. Ra4 c5 22. d5 Ra8 23. Rea1 Ra7 24. c4 Rfa8 25. Nb1 Bd8 26. Bd2 Nf6 27. Be1 Qb7 28. R1a2 Ra6 29. Nc3 Ne8 30. Nb5 Qb6 31. R2a3 Nb7 32. Qa2 Rxa4 33. Rxa4 Rxa4 34. Qxa4 Na5 35. Kf1 Kf8 36. Ke2 Qa6 37. Bc3 Qb6 38. Nd2 Ke7 39. g3 g5 40. Nf1 Nf6 41. Kd3 Nh5 42. Ne3 Ng7 43. g4 f6 44. Ke2 Qa6 45. Be1 Qb6 46. f3 Qa6 47. h4 Qb6 48. hxg5 hxg5 49. Kd3 Nb7 50. Bc3 Kf7 51. Qa8 Be7 52. Nf5 Nxf5 53. gxf5 Kg7 54. Ke2 Kf7 55. Kd2 Kg7 56. Kd3 Kf7 57. Qb8 Kg7 58. Qe8 Qd8 59. Qg6+ Kh8 60. Na7 Qg8 61. Qh5+ Kg7 62. Nc6 Kf8 63. Ba5 Nxa5 64. Nxa5 Qf7 65. Qh1 Kg7 66. Nc6 Bf8 67. Ke3 Qb7 68. Qh5 Qf7 69. Qxf7+ Kxf7 70. Nd8+ Ke7 71. Ne6 Bh6 72. Kf2 Kf7 73. Kg3 Kg8 74. Kg2 Kf7 75. Kf1 Ke8 76. Ke1 Kd7 77. Ke2 Ke7 78. Kd3 Kd7 79. Kc3 Kc8 80. Kb3 Kb7 81. Ka3 Ka7 82. Nc7 Bf8 83. Ne8 Be7 84. Kb3 Kb7 85. Kc3 Kc8 86. Kd3 Kd7 87. Ng7 Bf8 88. Nh5 Be7 89. Ke2 Ke8 90. Ng3 Bd8 91. Nh1 Ke7 92. Nf2 Ke8 93. Ng4 Be7 94. Kd3 Kd7 95. Kc2 Kc7 96. Kb3 Kb7 97. Ka4 Ka6 1/2-1/2

[Event "Merida World Heritage op 1st"]
[Site "Merida"]
[Date "2021.08.08"]
[Round "8"]
[White "Gonzalvez Tamarit, Ruben"]
[Black "Sarabando, Rodrigo Andias"]
[Result "1-0"]
[WhiteElo "2105"]
[BlackElo "1753"]
[PlyCount "93"]
[EventDate "2021.08.04"]
[EventType "swiss"]
[EventRounds "9"]
[EventCountry "ESP"]
[SourceTitle "EXT 2023"]
[Source "ChessBase"]
[SourceDate "2022.10.05"]
[SourceVersion "1"]
[SourceVersionDate "2022.10.05"]
[SourceQuality "1"]

1. e4 c5 2. Nf3 e6 3. d4 cxd4 4. Nxd4 a6 5. c4 Nf6 6. Nc3 d6 7. Be2 Be7 8. Be3 Qc7 9. 0-0 0-0 10. Qd2 b6 11. Rfc1 Bb7 12. f3 Nbd7 13. Rab1 Rac8 14. b4 Rfe8 15. Na4 Qb8 16. Nb3 Ba8 17. Bf1 Bd8 18. c5 b5 19. Nb2 d5 20. exd5 Nxd5 21. Bf2 Bc7 22. g3 Ne5 23. Bg2 Red8 24. Nd4 h5 25. Nd3 h4 26. Nxe5 hxg3 27. hxg3 Bxe5 28. f4 Bf6 29. Rb3 Ne7 30. Bxa8 Qxa8 31. Rd3 Rd5 32. Qe2 Bxd4 33. Rxd4 Rcd8 34. Rcd1 Rxd4 35. Rxd4 Rxd4 36. Bxd4 Nf5 37. Bf2 Qd5 38. Qc2 Qc6 39. Qd3 f6 40. g4 Nh6 41. g5 Nf5 42. g6 Qe8 43. c6 Qxg6+ 44. Kf1 Ne7 45. Qxg6 Nxg6 46. Bc5 Nxf4 47. c7 1-0

[Event "Merida World Heritage op 1st"]
[Site "Merida"]
[Date "2021.08.06"]
[Round "5"]
[White "Gomes, Estevao Moreira"]
[Black "Gonzalvez Tamarit, Ruben"]
[Result "1-0"]
[WhiteElo "1796"]
[BlackElo "2105"]
[PlyCount "89"]
[EventDate "2021.08.04"]
[EventType "swiss"]
[EventRounds "9"]
[EventCountry "ESP"]
[SourceTitle "EXT 2023"]
[Source "ChessBase"]
[SourceDate "2022.10.05"]
[SourceVersion "1"]
[SourceVersionDate "2022.10.05"]
[SourceQuality "1"]

1. e4 e5 2. Nf3 Nc6 3. Bb5 a6 4. Ba4 Nf6 5. 0-0 Be7 6. Re1 b5 7. Bb3 d6 8. c3 0-0 9. h3 Nb8 10. d4 Nbd7 11. Nbd2 Bb7 12. Bc2 Re8 13. Nf1 Bf8 14. Ng3 g6 15. a4 Nb6 16. a5 Nbd7 17. Bg5 h6 18. Be3 Bg7 19. Qd2 Kh7 20. Rad1 c5 21. b4 Qc7 22. d5 Rac8 23. Rc1 Nf8 24. Bd3 c4 25. Bc2 Qe7 26. Rf1 Rb8 27. Rce1 Bc8 28. Nh2 g5 29. Nf5 Bxf5 30. exf5 Kh8 31. h4 N8h7 32. Rd1 Nh5 33. Rfe1 Rg8 34. Ng4 N7f6 35. f3 gxh4 36. Bxh6 Qf8 37. Bg5 Nxg4 38. fxg4 Nf4 39. Qf2 Bh6 40. Bf6+ Kh7 41. Qxh4 Nd3 42. Bxd3 cxd3 43. Rxd3 Rxg4 44. Qxg4 Qg8 45. Qh5 1-0

[Event "Quart de Poblet op 7th"]
[Site "Quart de Poblet"]
[Date "2019.08.06"]
[Round "3"]
[White "Gonzalvez Tamarit, Ruben"]
[Black "Nieves Cabanes, Jose Manuel"]
[Result "0-1"]
[WhiteElo "2087"]
[BlackElo "2311"]
[PlyCount "118"]
[EventDate "2019.08.05"]
[EventType "swiss"]
[EventRounds "9"]
[EventCountry "ESP"]
[SourceTitle "CBM 191 Extra"]
[Source "ChessBase"]
[SourceDate "2019.09.30"]
[SourceVersion "1"]
[SourceVersionDate "2019.09.30"]
[SourceQuality "1"]

1. e4 e6 2. d4 d5 3. Bd3 c5 4. exd5 exd5 5. Nf3 Nc6 6. c3 c4 7. Bc2 Bd6 8. 0-0 Nge7 9. b3 b5 10. a4 cxb3 11. Bxb3 b4 12. Re1 0-0 13. c4 dxc4 14. Bxc4 Bg4 15. Bb2 Na5 16. Bd3 Nd5 17. Be4 Bf4 18. h3 Bh5 19. Qd3 Bg6 20. Bxg6 hxg6 21. Nbd2 Bxd2 22. Nxd2 Rc8 23. Rac1 Nc6 24. Rc5 Nce7 25. Qe4 Rc6 26. Rxc6 Nxc6 27. Nf3 Nce7 28. Ng5 Nf5 29. Nf3 a5 30. Nd2 Qd7 31. Nb3 Rd8 32. Nc5 Qc7 33. Rc1 Qf4 34. Qxf4 Nxf4 35. Rd1 Nxd4 36. Bxd4 Rxd4 37. Rxd4 Ne2+ 38. Kf1 Nxd4 39. Ke1 Kf8 40. Kd2 Ke7 41. Kd3 Nc6 42. Kc4 Kd6 43. Nb3 g5 44. Nc5 Ne5+ 45. Kb5 Kd5 46. Nb3 Nc4 47. f3 f5 48. g3 f4 49. gxf4 gxf4 50. h4 g6 51. Ka6 Ne5 52. Kxa5 Kc4 53. Nd2+ Kd3 54. Kxb4 Kxd2 55. Kc5 Nxf3 56. a5 Ne5 57. a6 Nd7+ 58. Kd6 Nb6 59. Kc7 Na8+ 0-1

[Event "ESP-ch U18"]
[Site "Salobrena"]
[Date "2019.07.25"]
[Round "6"]
[White "Gonzalvez Tamarit, Ruben"]
[Black "Lorente Serrano, Rosa Adela"]
[Result "1/2-1/2"]
[WhiteElo "2017"]
[BlackElo "1788"]
[PlyCount "72"]
[EventDate "2019.07.22"]
[EventType "swiss"]
[EventRounds "9"]
[EventCountry "ESP"]
[SourceTitle "CBM 191 Extra"]
[Source "ChessBase"]
[SourceDate "2019.09.30"]
[SourceVersion "1"]
[SourceVersionDate "2019.09.30"]
[SourceQuality "1"]

1. g3 Nf6 2. Bg2 g6 3. Nc3 c5 4. e4 d6 5. Nge2 Bg7 6. 0-0 0-0 7. d4 cxd4 8. Nxd4 a6 9. h3 Qc7 10. Re1 Nbd7 11. Nd5 Nxd5 12. exd5 Ne5 13. c3 Re8 14. Kh2 b5 15. f4 Nc4 16. a4 bxa4 17. Qxa4 Bb7 18. Nc6 Nb6 19. Qa5 e6 20. Nb4 exd5 21. Be3 d4 22. Bxd4 Bxd4 23. cxd4 Bxg2 24. Kxg2 Qb7+ 25. Kf2 Nc4 26. Qa4 Rxe1 27. Rxe1 Nxb2 28. Re8+ Rxe8 29. Qxe8+ Kg7 30. Nc6 Qb3 31. Ne7 Qc2+ 32. Kg1 Qd1+ 33. Kh2 Qe2+ 34. Kh1 Qf3+ 35. Kh2 Qf2+ 36. Kh1 Qf1+ 1/2-1/2

[Event "EU-ch U16 28th"]
[Site "Riga"]
[Date "2018.08.21"]
[Round "2"]
[White "Gonzalvez Tamarit, Ruben"]
[Black "Strods, Kristaps Reinis"]
[Result "1-0"]
[WhiteElo "1995"]
[BlackElo "1479"]
[PlyCount "103"]
[EventDate "2018.08.20"]
[EventType "swiss"]
[EventRounds "9"]
[EventCountry "LAT"]
[SourceTitle "CBM 186 Extra"]
[Source "ChessBase"]
[SourceDate "2018.08.24"]
[SourceVersion "1"]
[SourceVersionDate "2018.08.24"]
[SourceQuality "1"]

1. e4 e5 2. Nf3 Nc6 3. d4 exd4 4. Bc4 Nf6 5. e5 d5 6. Bb5 Ne4 7. Nxd4 Bd7 8. Bxc6 bxc6 9. 0-0 Bc5 10. Be3 Bb6 11. f3 Ng5 12. f4 Ne4 13. c3 0-0 14. Nd2 Nxd2 15. Qxd2 Qe7 16. Rae1 Rad8 17. f5 c5 18. Nc2 Bb5 19. Bg5 Qd7 20. Bxd8 Bxf1 21. Qg5 h6 22. Qg4 Bd3 23. Bf6 g5 24. e6 fxe6 25. fxe6 Qe8 26. Ne3 Rxf6 27. Nxd5 Rf8 28. e7 Rf7 29. Qe6 Kg7 30. Qe5+ Kg6 31. Nxc7 c4+ 32. Kh1 Bxc7 33. Qxc7 Kh5 34. Qd8 Rf8 35. g4+ Kh4 36. Qd6 Kxg4 37. Qg3+ Kh5 38. exf8R Qxf8 39. Qh3+ Kg6 40. Qe6+ Kh5 41. Qe8+ Qxe8 42. Rxe8 Kg4 43. Kg1 h5 44. Ra8 h4 45. Rxa7 Kf3 46. Rf7+ Kg4 47. a4 Be4 48. a5 h3 49. a6 Kh4 50. a7 g4 51. Rf4 Ba8 52. Rf8 1-0

[Event "Mislata op 51st"]
[Site "Mislata"]
[Date "2017.08.09"]
[Round "4"]
[White "Mingo Fernandez, Matias"]
[Black "Gonzalvez Tamarit, Ruben"]
[Result "1/2-1/2"]
[WhiteElo "2201"]
[BlackElo "2073"]
[PlyCount "25"]
[EventDate "2017.08.07"]
[EventType "swiss"]
[EventRounds "9"]
[EventCountry "ESP"]
[SourceTitle "CBM 179 Extra"]
[Source "ChessBase"]
[SourceDate "2017.08.23"]
[SourceVersion "1"]
[SourceVersionDate "2017.08.23"]
[SourceQuality "1"]

1. d4 Nf6 2. Nf3 e6 3. Bf4 b6 4. e3 Be7 5. h3 Bb7 6. Be2 0-0 7. a4 c5 8. 0-0 d5 9. Nbd2 Nc6 10. Ne5 Ne4 11. Nxe4 dxe4 12. dxc5 Bxc5 13. Qxd8 1/2-1/2

[Event "Valencia Region-ch Preferente"]
[Site "Valencia"]
[Date "2016.11.12"]
[Round "6"]
[White "Gonzalvez Tamarit, Ruben"]
[Black "Gil Juan, German"]
[Result "1-0"]
[WhiteElo "1921"]
[BlackElo "1869"]
[PlyCount "110"]
[EventDate "2016.10.01"]
[EventType "swiss"]
[EventRounds "7"]
[EventCountry "ESP"]
[SourceTitle "EXT 2024"]
[Source "ChessBase"]
[SourceDate "2023.10.10"]
[SourceVersion "1"]
[SourceVersionDate "2023.10.10"]
[SourceQuality "1"]

1. e4 d6 2. d4 Nf6 3. Nc3 g6 4. Nf3 Bg7 5. Bc4 0-0 6. 0-0 Nc6 7. h3 e5 8. dxe5 Nxe5 9. Nxe5 dxe5 10. Bg5 h6 11. Qxd8 Rxd8 12. Bxf6 Bxf6 13. Nd5 Rd6 14. Nxc7 Rc6 15. Nd5 Rxc4 16. Nxf6+ Kg7 17. Ne8+ Kf8 18. Nd6 Rxc2 19. Rac1 Rxc1 20. Rxc1 Be6 21. b3 b6 22. Nb5 Bd7 23. Na3 Ke7 24. Kf1 f6 25. Ke2 g5 26. Rc7 Kd6 27. Rc3 Ke6 28. Nc2 Bb5+ 29. Ke1 f5 30. exf5+ Kxf5 31. a4 Bd7 32. Ne3+ Ke6 33. Nc4 Rc8 34. Rd3 Be8 35. Rd6+ Kf7 36. Rxh6 Kg7 37. Re6 Bxa4 38. bxa4 Rxc4 39. Re7+ Kf6 40. Rxa7 Rc2 41. Ra6 Kf5 42. Rxb6 Ra2 43. Rb4 e4 44. Rb5+ Kf4 45. g3+ Kf3 46. Rf5+ Kg2 47. a5 Kxh3 48. Rxg5 Kg2 49. Rf5 Kh3 50. Rf4 Kg2 51. Rxe4 Ra1+ 52. Ke2 Ra2+ 53. Kd3 Ra3+ 54. Ke2 Ra2+ 55. Ke3 Rxf2 1-0

[Event "Xativa Murta op 2nd"]
[Site "Xativa"]
[Date "2016.08.27"]
[Round "8"]
[White "Reig Albero, Ferran"]
[Black "Gonzalvez Tamarit, Ruben"]
[Result "1-0"]
[WhiteElo "1993"]
[BlackElo "1974"]
[PlyCount "277"]
[EventDate "2016.08.22"]
[EventType "swiss"]
[EventRounds "9"]
[EventCountry "ESP"]
[SourceTitle "CBM 174 Extra"]
[Source "ChessBase"]
[SourceDate "2016.10.10"]
[SourceVersion "1"]
[SourceVersionDate "2016.10.10"]
[SourceQuality "1"]

1. e4 e5 2. Nf3 Nc6 3. Bb5 Bc5 4. 0-0 Qf6 5. c3 Nge7 6. d4 exd4 7. Bg5 Qg6 8. Bxe7 Bxe7 9. cxd4 Qxe4 10. Nc3 Qf5 11. Re1 Kf8 12. Qe2 Qe6 13. d5 Qxe2 14. Rxe2 Nd8 15. Rae1 c6 16. d6 Ne6 17. dxe7+ Kxe7 18. Bd3 Rd8 19. Ng5 h6 20. Nxe6 dxe6 21. Rd1 b6 22. Red2 Bb7 23. f4 Rd7 24. Be4 Rad8 25. Rxd7+ Rxd7 26. Rxd7+ Kxd7 27. Kf2 Ba6 28. Ke3 Kd6 29. Bd3 Bb7 30. Ne4+ Ke7 31. b4 f5 32. Nd2 Kd6 33. Nc4+ Kd5 34. Ne5 c5 35. Bc4+ Kd6 36. bxc5+ bxc5 37. g3 Be4 38. Kd2 g5 39. Be2 g4 40. Kc3 Kd5 41. Bb5 Bb1 42. Bc6+ Kd6 43. a3 Ba2 44. Bb5 Bd5 45. Bc4 Bb7 46. a4 Bc8 47. a5 a6 48. Bf1 Bb7 49. Nc4+ Kc7 50. Nd2 Kd6 51. Nb3 h5 52. Kd3 Bc6 53. Kd2 Bb7 54. Kc3 Bc8 55. Bg2 Bd7 56. Bf1 Bc8 57. Nd2 Bb7 58. Nc4+ Kc7 59. Nb6 Kd6 60. Bc4 Ke7 61. Bd3 Kd6 62. Bf1 Kc7 63. Nc4 Kd7 64. Ne5+ Kd6 65. Bc4 Ke7 66. Bb3 Kd6 67. Ba4 Kd5 68. Kd3 Kd6 69. Be8 Ke7 70. Bxh5 Bd5 71. Kc3 Kd6 72. Be8 Kc7 73. Ba4 Kd6 74. Bd1 Bb7 75. Be2 Kc7 76. Nf7 Kd7 77. Bf1 Ke7 78. Ne5 Kd6 79. h3 gxh3 80. Bxh3 Bd5 81. Bf1 Bb7 82. Be2 Ke7 83. Bf3 Bd5 84. Be2 Bb7 85. Bc4 Bc8 86. Nc6+ Kd6 87. Nb8 e5 88. Bxa6 Be6 89. Bc4 Bc8 90. fxe5+ Kxe5 91. a6 f4 92. Nc6+ Kd6 93. Nd8 Bxa6 94. Bxa6 fxg3 95. Bf1 Ke5 96. Bg2 Kf4 97. Kd2 c4 98. Ne6+ Ke5 99. Nc5 Kd4 100. Na4 Ke5 101. Ke3 Kf5 102. Kd4 Kf4 103. Nc3 Kf5 104. Kxc4 Kf4 105. Kd4 Kf5 106. Ne2 Ke6 107. Nxg3 Kf6 108. Ne4+ Kf5 109. Bh3+ Kf4 110. Be6 Kf3 111. Bf5 Kf4 112. Bg6 Kf3 113. Nc5 Kf4 114. Ne6+ Kf3 115. Kd3 Kf2 116. Bh5 Kg3 117. Ke3 Kh4 118. Bd1 Kg3 119. Nd4 Kh4 120. Kf4 Kh3 121. Nf5 Kg2 122. Ne3+ Kf2 123. Nc2 Kg2 124. Nb4 Kf2 125. Nd3+ Kg2 126. Be2 Kh3 127. Nc5 Kg2 128. Ne4 Kh3 129. Kg5 Kh2 130. Kg4 Kg2 131. Kh4 Kh2 132. Bf1 Kg1 133. Bh3 Kh2 134. Nc5 Kh1 135. Kg3 Kg1 136. Ne6 Kh1 137. Nf4 Kg1 138. Ne2+ Kh1 139. Bg2# 1-0

[Event "Xativa Murta op 2nd"]
[Site "Xativa"]
[Date "2016.08.26"]
[Round "7"]
[White "Gomez Maestro, Gustavo"]
[Black "Gonzalvez Tamarit, Ruben"]
[Result "0-1"]
[WhiteElo "1638"]
[BlackElo "1974"]
[PlyCount "80"]
[EventDate "2016.08.22"]
[EventType "swiss"]
[EventRounds "9"]
[EventCountry "ESP"]
[SourceTitle "CBM 174 Extra"]
[Source "ChessBase"]
[SourceDate "2016.10.10"]
[SourceVersion "1"]
[SourceVersionDate "2016.10.10"]
[SourceQuality "1"]

1. d4 Nf6 2. Bg5 e6 3. e4 h6 4. Bxf6 Qxf6 5. c3 d5 6. Nd2 c5 7. e5 Qd8 8. Ngf3 Nc6 9. dxc5 Bxc5 10. Nb3 Bb6 11. Bd3 Bd7 12. 0-0 Rc8 13. Nbd4 Bxd4 14. cxd4 Qb6 15. Rc1 0-0 16. Bb1 Qxb2 17. Qd3 g6 18. Rc2 Qb6 19. a3 Ne7 20. Qd2 Kh7 21. h4 Rxc2 22. Bxc2 Qd8 23. g4 Kg7 24. h5 gxh5 25. Qd3 Rh8 26. Nh4 hxg4 27. Qg3 Nf5 28. Nxf5+ exf5 29. f3 Qg5 30. e6 Bxe6 31. Qe5+ Kh7 32. fxg4 Qxg4+ 33. Kf2 Rc8 34. Bd3 Rg8 35. a4 Qg2+ 36. Ke1 Qg3+ 37. Qxg3 Rxg3 38. Bxf5+ Kg7 39. Kf2 Ra3 40. Bc2 Ra2 0-1

[Event "Xativa Murta op 2nd"]
[Site "Xativa"]
[Date "2016.08.23"]
[Round "3"]
[White "Gonzalvez Tamarit, Ruben"]
[Black "Cortes Marti, Javier"]
[Result "1/2-1/2"]
[WhiteElo "1974"]
[BlackElo "2082"]
[PlyCount "39"]
[EventDate "2016.08.22"]
[EventType "swiss"]
[EventRounds "9"]
[EventCountry "ESP"]
[SourceTitle "CBM 174 Extra"]
[Source "ChessBase"]
[SourceDate "2016.10.10"]
[SourceVersion "1"]
[SourceVersionDate "2016.10.10"]
[SourceQuality "1"]

1. e4 e5 2. Nf3 Nc6 3. d4 exd4 4. Bc4 Bc5 5. c3 d6 6. cxd4 Bb4+ 7. Bd2 Bxd2+ 8. Nbxd2 Nf6 9. h3 0-0 10. 0-0 d5 11. exd5 Nxd5 12. Nb3 Nce7 13. Qd2 c6 14. Rac1 Qd6 15. Rfe1 Qf6 16. Ne5 Ng6 17. Bxd5 cxd5 18. Rc7 Nf4 19. Re3 Qd6 20. Rc1 1/2-1/2